Communes Limitrophes de Clermont-Ferrand - Statistiques

Statistiques générales
  • Ce quiz a été pris 193 fois
  • Le résultat moyen est 8 sur 13
Statistiques - réponses
Communes % Correct
Sud-Ouest Chamalières
88%
Sud-Est Aubière
84%
Sud-Est Cournon-d'Auvergne
79%
Nord-Est Gerzat
78%
Sud Beaumont
76%
Nord Cébazat
74%
Est Aulnat
66%
Nord-Ouest Durtol
60%
Est Lempdes
60%
Sud Ceyrat
52%
Nord Blanzat
43%
Ouest Orcines
38%
Nord-Est Malintrat
26%
Aucun quiz correspondant
Distribution des résultats
% des personnes avec chaque résultat
Percentile par nombre de réponses
Votre historique - résultats
Vous n’avez pas pris ce quiz